Clic 1 chanson -> 1 année (1950-1974) - Statistiques

Statistiques générales
  • Ce quiz a été pris 15 fois
  • Le résultat moyen est 5 sur 25
Statistiques - réponses
Hint Réponse % Correct
69 année érotique 1969
50%
Je suis malade 1973
50%
Le téléphone pleure 1974
50%
Hymne à l'amour 1950
40%
Aline 1965
40%
Les bals populaires 1970
30%
Aimer à perdre la raison 1971
30%
On ira tous au paradis 1972
30%
Retiens la nuit 1961
20%
Le pénitencier 1964
20%
Les jolies colonies de vacances 1966
20%
Padam padam 1951
10%
Le chien dans la vitrine 1953
10%
Sous le ciel de Paris 1954
10%
Méditerranée 1956
10%
Ballade irlandaise 1958
10%
La valse à mille temps 1959
10%
Itsi bitsi petit bikini 1960
10%
La madrague 1962
10%
Belles belles belles 1963
10%
Harley Davidson 1967
10%
Petite fille de Français moyen 1968
10%
Les grands boulevards 1952
0%
Chanson pour l'Auvergnat 1955
0%
Les marchés de Provence 1957
0%
Aucun quiz correspondant
Distribution des résultats
% des personnes avec chaque résultat
Percentile par nombre de réponses
Votre historique - résultats
Vous n’avez pas pris ce quiz